000 00271nam a22001217a 4500
008 260212b ||||| |||| 00| 0 eng d
041 _aShqip
080 _a2.1
100 _a20
101 _ashqip
245 _aShkulësit e përjetshëm
_cArif Demolli
942 _2lcc
_cBK
999 _c60797
_d60797